000 00518nam a2200193Ia 4500
005 20250326143947.0
008 250326s9999 xx 000 0 und d
037 _aTextbook
040 _aFMSL
_beng
_cFMSL
041 _aeng
_2eng
084 _aS K7;L6
_qFMSL
100 _aMunn N L
245 0 _aIntroducation to psychology
_cMunn N L; Fernald L D And Others
250 _a3
260 _aNew Delhi
_bNew Delhi, Oxford
_c1967
300 _a736p
942 _cTB
_hS K7;L6
999 _c1301785
_d1301785